Szczegóły MARC21

Problemy rozwoju transportu w Polsce : materiały dydaktyczne dla studentów kierunku Ekonomika i Organizacja Transportu : III, IV, V rok studiów /

003 -Nazwa inst., której nr kontr. jest w polu 001 [,]
    • @
    • Nazwa instytucji, której n kontrolny jest w polu 001
    • NUKAT
005 -DATA I CZAS OSTATNIEJ MODYFIKACJI [,]
    • @
    • pole kontrolne
    • 20241231114157.0
040 -Instytucja sporządzająca opis [ , ]
    • a
    • Instytucja, która sporządziła opis (NP)
    • GD U/EN
    • c
    • Instytucja, która sporządziła rekord (NP)
    • GD U/ENs
942 -Rodzaj dokumentu [ , ]
    • c
    • Rodzaj dokumentu
    • Książka
245 -Strefa tytułu i oznaczenia odpowiedzialności [0,0]
    • a
    • Tytuł
    • Problemy rozwoju transportu w Polsce : Find
    • b
    • Ciąg dalszy tytułu (NP)
    • materiały dydaktyczne dla studentów kierunku Ekonomika i Organizacja Transportu : III, IV, V rok studiów / Find
    • c
    • Pozostałe elementy strefy tytułu i oznaczenia odpowiedzialności (NP)
    • [red. Anna Andrzejewska-Jurgiel] ; Uniwersytet Szczeciński.
260 -Strefa adresu wydawniczego [ , ]
    • a
    • Miejsce wydania (P)
    • Szczecin :
    • b
    • Nazwa wydawcy (P)
    • Wydawnictwa Naukowe US,
    • c
    • Data wydania (P)
    • 1987.
300 -Strefa opisu fizycznego [ , ]
    • a
    • Określenie formy książki i/lub objętość (NP)
    • 285 s. ;
    • c
    • Format (NP)
    • 24 cm.
336 -Typ zawartości [ , ]
    • a
    • Termin opisujący typ zawartości
    • Tekst
    • b
    • Kod określający zawartość
    • txt
    • 2
    • Źródło (terminu i kodu)
    • rdacontent
337 -Typ mediów [ , ]
    • a
    • Tryb odtwarzania
    • Bez urządzenia pośredniczącego
    • b
    • Kod typu mediów
    • n
    • 2
    • Źródło (terminu i kodu)
    • rdamedia
338 -Typ/rodzaj nośnika [ , ]
    • a
    • Hasło opisujące typ nośnika
    • Wolumin
    • b
    • Kod typu nośnika
    • nc
    • 2
    • Źródło (terminu i kodu)
    • rdacarrier
504 -Uwaga dot. bibliogr. załącznikowej [ , ]
    • a
    • Uwaga dot. bibliografii załącznikowej
    • Bibliogr. s. [279]-285.
080 -Uniwersalna Klasyfikacja Dziesiętna [ , ]
    • a
    • Symbol klasyfikacji
    • 656.1/,7(438)
080 -Uniwersalna Klasyfikacja Dziesiętna [ , ]
    • a
    • Symbol klasyfikacji
    • :371.671.1(0:378)
650 -Hasło przedmiotowe [ ,7]
    • a
    • Hasło przedmiotowe
    • Transport
    • z
    • Określnik geograficzny
    • Polska
    • v
    • Określnik formalny
    • podręczniki akademickie.
    • 2
    • Źródło terminu
    • kaba
    • 9
    • KHW
    • 359008
980 -Symbol UKD [ , ]
    • a
    • UKD
    • 656.1/,7(438):371.671.1(0:378)
700 -Hasło dodatkowe - nazwa osobowa [1, ]
    • a
    • Nazwa osobowa (NP)
    • Andrzejewska-Jurgiel, Anna. Find
    • e
    • Określenie rodzaju współpracy
    • Red.
    • 9
    • KHW
    • 97684
Data inwentaryzacji Lokalizacja Status udost. Numer inwentarzowy
1999-02-02BE-2E.59191
1999-02-02BE2S.69389
1999-02-02BE2S.69390
1999-02-02BE2S.69391
1999-02-02BE2S.69392
1999-02-02BE2S.69393
1999-02-02BE2S.69394
1999-02-02BE2S.69395
1999-02-02BE2S.69396
1999-02-02BE2S.69397
1999-02-02BE2S.69398
1999-02-02BE2S.69399
1999-02-02BE2S.69400
1999-02-02BE2S.69401
1999-02-02BE2S.69402
1999-02-02BE2S.69403
1999-02-02BE2S.69404
1999-02-02BE2S.69405
1999-02-02BE2S.69406
1999-02-02BE2S.69407
1999-02-02BE2S.69408
1999-02-02BE2S.69409
1999-02-02BE2S.69410
1999-02-02BE2S.69411
1999-02-02BE2S.69412
1999-02-02BE2S.69413
1999-02-02BE2S.69414
1999-02-02BE2S.69415
1999-02-02BE2S.69416
1999-02-02BE2S.69417
1999-02-02T-3TS.69418